[Event "III Cerrado de Manises"]
[Site "Manises (Valencia)"]
[Date "2009.05.03"]
[Round "5.1"]
[White "Garcia Fernandez, Carlos"]
[Black "Garcia, Jhoel"]
[Result "1/2-1/2"]
[WhiteElo "2385"]
[BlackElo "2295"]
[PlyCount "33"]
[EventDate "2009.04.30"]
[EventType "tourn"]
[SourceDate "2009.04.30"]

1. e4 e5 2. Bc4 Nf6 3. c3 Bc5 4. Nf3 Nc6 5. O-O d6 6. d3 O-O 7. Bb3 Ne7 8. h3
Ng6 9. d4 Bb6 10. Re1 c6 11. Bc2 Qe7 12. Be3 Be6 13. Nbd2 Rad8 14. Ng5 Bc8 15.
Ngf3 Be6 16. Ng5 Rc8 17. Ngf3 1/2-1/2

[Event "III Cerrado de Manises"]
[Site "Manises (Valencia)"]
[Date "2009.05.03"]
[Round "5.2"]
[White "Palencia, Wilson"]
[Black "Pena Riasco, Alexander"]
[Result "1/2-1/2"]
[WhiteElo "2322"]
[BlackElo "2228"]
[PlyCount "146"]
[EventDate "2009.04.30"]
[EventType "tourn"]
[SourceDate "2009.04.30"]

1. e4 c5 2. Nf3 d6 3. d4 cxd4 4. Nxd4 Nf6 5. Nc3 a6 6. Bg5 e6 7. f4 Qc7 8. Qf3
Nc6 9. Nb3 Bd7 10. O-O-O O-O-O 11. Bxf6 gxf6 12. Qh5 Be8 13. g3 Kb8 14. Bd3 Be7
15. Kb1 Rc8 16. Rhe1 Bd8 17. Qh6 Qe7 18. Qg7 Qf8 19. Qxf8 Rxf8 20. Be2 Bc7 21.
Bh5 Ne7 22. f5 Nc6 23. Rf1 Bd7 24. Nd4 Rcd8 25. Nce2 Bb6 26. Nxc6+ Bxc6 27.
fxe6 fxe6 28. Nf4 Be8 29. Bxe8 Rfxe8 30. Nh5 f5 31. exf5 exf5 32. Ng7 Re2 33.
h4 Bf2 34. Nxf5 h5 35. Nd4 Bxd4 36. Rxd4 Rg2 37. Rd3 Rg8 38. b3 Rc8 39. Rc1 Rg8
40. Rxd6 R8xg3 41. Rh6 Rh3 42. Rxh5 Rgh2 43. Rg1 Rxh4 44. Rg8+ Ka7 45. Rc5 Rh8
46. Rg7 R8h7 47. Rgg5 Rf7 48. a4 Rhh7 49. a5 Rc7 50. Rxc7 Rxc7 51. c4 Rh7 52.
Kb2 Kb8 53. Ka3 Kc7 54. Rc5+ Kb8 55. Kb4 Rg7 56. Rh5 Kc7 57. Kc5 Rf7 58. b4 Kb8
59. b5 axb5 60. cxb5 Ka7 61. Re5 Rh7 62. Rd5 Rg7 63. Kd6 Rh7 64. Re5 Rg7 65.
Re8 Rg6+ 66. Kd7 Rg7+ 67. Re7 Rg8 68. Kc7 Rh8 69. Rd7 Rg8 70. a6 bxa6 71. b6+
Ka8 72. Kc6 Rh8 73. Kc5 Kb8 1/2-1/2

[Event "III Cerrado de Manises"]
[Site "Manises (Valencia)"]
[Date "2009.05.03"]
[Round "5.3"]
[White "Valmana Canto, Jaime"]
[Black "Pallardo Lozoya, Jose Vicente"]
[Result "1/2-1/2"]
[WhiteElo "2341"]
[BlackElo "2342"]
[PlyCount "93"]
[EventDate "2009.04.30"]
[EventType "tourn"]
[SourceDate "2009.04.30"]

1. e4 e6 2. d4 d5 3. Nc3 Nf6 4. e5 Nfd7 5. f4 c5 6. Nf3 Nc6 7. Be3 a6 8. Qd2 b5
9. a3 Qb6 10. Ne2 g6 11. dxc5 Bxc5 12. Ned4 b4 13. axb4 Nxb4 14. Kf2 Nc6 15. c3
Nxd4 16. Bxd4 Bxd4+ 17. cxd4 Rb8 18. Kg3 Qxb2 19. Qxb2 Rxb2 20. Bxa6 Bxa6 21.
Rxa6 O-O 22. Ra7 Nb6 23. Rb7 Nc4 24. Rxb2 Nxb2 25. Ra1 Rc8 26. Ra7 Rc3 27. h4
h6 28. h5 Kg7 29. hxg6 Kxg6 30. f5+ exf5 31. Ra6+ Kg7 32. Kf4 Rc2 33. Nh4 Rf2+
34. Kg3 Nd1 35. Ra7 Kg8 36. Rd7 f4+ 37. Kh2 Rf1 38. Rxd5 Nf2 39. g3 Ne4 40.
Rd8+ Kh7 41. g4 f3 42. Rd7 Kg8 43. Rd8+ Kh7 44. Rd7 f2 45. Rxf7+ Kg8 46. e6 Re1
47. Ng6 1/2-1/2

[Event "III Cerrado de Manises"]
[Site "Manises (Valencia)"]
[Date "2009.05.03"]
[Round "5.4"]
[White "Dolezal, Cristian"]
[Black "Aymerich Rosell, Pablo"]
[Result "1-0"]
[WhiteElo "2406"]
[BlackElo "2169"]
[PlyCount "115"]
[EventDate "2009.04.30"]
[EventType "tourn"]
[SourceDate "2009.04.30"]

1. e4 g6 2. d4 Bg7 3. g3 d5 4. e5 c5 5. Bg2 cxd4 6. Qxd4 Nc6 7. Qxd5 Qxd5 8.
Bxd5 Nxe5 9. Na3 Nf6 10. Bg2 O-O 11. Bf4 Nh5 12. Bxe5 Bxe5 13. O-O-O Bg4 14.
Nf3 Bd6 15. Nc4 Bc5 16. Rd2 Rad8 17. Rhd1 Rxd2 18. Rxd2 f6 19. Ne1 b5 20. Ne3
Be6 21. Bd5 Ng7 22. Nd3 Bxe3 23. Bxe6+ Nxe6 24. fxe3 Rd8 25. Nb4 Rxd2 26. Kxd2
Kf7 27. Nc6 a6 28. Kc3 Ng5 29. Nb8 Nf3 30. Nxa6 Nxh2 31. Nc7 Nf1 32. Nxb5 Nxg3
33. a4 h5 34. a5 h4 35. Nd4 h3 36. Nf3 Nf5 37. Kb4 Nd6 38. a6 Nc8 39. Kc5 g5
40. Nh2 f5 41. b4 g4 42. Nf1 e5 43. b5 e4 44. b6 Nxb6 45. Kxb6 h2 46. Ng3 f4
47. exf4 e3 48. a7 e2 49. a8=Q e1=Q 50. Qd5+ Kf6 51. Qg5+ Kf7 52. Qf5+ Ke7 53.
Qh7+ Kf6 54. Ne4+ Ke6 55. Qg6+ Ke7 56. Qg7+ Ke6 57. Qe5+ Kf7 58. Ng5+ 1-0

[Event "III Cerrado de Manises"]
[Site "Manises (Valencia)"]
[Date "2009.05.03"]
[Round "5.5"]
[White "Sanchez Romero, Miguel Angel"]
[Black "Calvo Alfonso, Vicent"]
[Result "1/2-1/2"]
[WhiteElo "2235"]
[BlackElo "2204"]
[PlyCount "60"]
[EventDate "2009.04.30"]
[EventType "tourn"]
[SourceDate "2009.04.30"]

1. e4 e6 2. d3 d5 3. Nd2 Bc5 4. Ngf3 Nc6 5. c3 e5 6. b4 dxe4 7. dxe4 Bd6 8. Bc4
Qf6 9. h3 Nge7 10. Nf1 Be6 11. Qe2 h6 12. Ng3 g6 13. O-O Nd8 14. Nh2 Kf8 15.
Ng4 Qh4 16. Nh2 Kg7 17. Nf3 Qf6 18. Be3 Bxc4 19. Qxc4 Ne6 20. Rad1 Rad8 21. Qb5
a6 22. Qc4 Nc6 23. a4 Nf4 24. Kh2 Rhe8 25. Rd2 Qe6 26. Qxe6 Nxe6 27. Rfd1 f6
28. Kg1 Be7 29. Kf1 Rxd2 30. Rxd2 Rd8 1/2-1/2

[Event "III Cerrado de Manises"]
[Site "Manises (Valencia)"]
[Date "2009.05.03"]
[Round "6.1"]
[White "Garcia, Jhoel"]
[Black "Calvo Alfonso, Vicent"]
[Result "1-0"]
[WhiteElo "2295"]
[BlackElo "2204"]
[PlyCount "77"]
[EventDate "2009.04.30"]
[EventType "tourn"]
[SourceDate "2009.04.30"]

1. e4 e6 2. d3 d5 3. Qe2 dxe4 4. dxe4 b6 5. Qb5+ Qd7 6. Nc3 a6 7. Qb3 Nc6 8.
Nf3 Bb7 9. Bf4 Na5 10. Qa4 Qxa4 11. Nxa4 Rc8 12. Bd2 Nc6 13. a3 b5 14. Nc3 Bc5
15. Bd3 Nf6 16. e5 Nd7 17. Ne4 Bb6 18. Bc3 Nc5 19. Nxc5 Bxc5 20. b4 Be7 21. O-O
O-O 22. Rfb1 Nb8 23. a4 c5 24. axb5 c4 25. Be2 axb5 26. Ra7 Rc7 27. Nd4 Rd7 28.
Nxb5 Bd5 29. Rxd7 Nxd7 30. Nc7 Rb8 31. Nxd5 exd5 32. Bf3 Rb5 33. Ra1 Nf8 34.
Ra5 Rb8 35. Bxd5 Bxb4 36. Bxb4 Rxb4 37. f4 Rb2 38. Ra7 Ne6 39. f5 1-0

[Event "III Cerrado de Manises"]
[Site "Manises (Valencia)"]
[Date "2009.05.03"]
[Round "6.2"]
[White "Aymerich Rosell, Pablo"]
[Black "Sanchez Romero, Miguel Angel"]
[Result "1/2-1/2"]
[WhiteElo "2169"]
[BlackElo "2235"]
[PlyCount "39"]
[EventDate "2009.04.30"]
[EventType "tourn"]
[SourceDate "2009.04.30"]

1. c4 Nf6 2. Nc3 g6 3. g3 Bg7 4. Bg2 O-O 5. Nf3 d6 6. O-O e5 7. d3 Nc6 8. Rb1
a5 9. a3 h6 10. h3 Be6 11. b4 axb4 12. axb4 Qd7 13. Kh2 Nh7 14. b5 Ne7 15. Ng1
Rab8 16. Nd5 f5 17. f4 Nf6 18. Nxe7+ Qxe7 19. fxe5 dxe5 20. Qb3 1/2-1/2

[Event "III Cerrado de Manises"]
[Site "Manises (Valencia)"]
[Date "2009.05.03"]
[Round "6.3"]
[White "Pallardo Lozoya, Jose Vicente"]
[Black "Dolezal, Cristian"]
[Result "1-0"]
[WhiteElo "2342"]
[BlackElo "2406"]
[PlyCount "57"]
[EventDate "2009.04.30"]
[EventType "tourn"]
[SourceDate "2009.04.30"]

1. c4 c5 2. Nc3 g6 3. g3 Bg7 4. Bg2 Nc6 5. e3 d6 6. Nge2 Bg4 7. h3 Bxe2 8. Nxe2
e6 9. d4 Nge7 10. d5 exd5 11. cxd5 Ne5 12. O-O O-O 13. g4 c4 14. Bd2 Nd3 15.
Bc3 Bxc3 16. Nxc3 Qa5 17. Be4 Nc5 18. Qd4 f5 19. Bc2 b5 20. b4 cxb3 21. axb3
Qd8 22. Nxb5 a5 23. Na3 fxg4 24. hxg4 Nc8 25. Nc4 Ra7 26. Kg2 Qh4 27. f3 Raf7
28. Rh1 Qg5 29. Raf1 {Tiempo} 1-0

[Event "III Cerrado de Manises"]
[Site "Manises (Valencia)"]
[Date "2009.05.03"]
[Round "6.4"]
[White "Pena Riasco, Alexander"]
[Black "Valmana Canto, Jaime"]
[Result "0-1"]
[WhiteElo "2228"]
[BlackElo "2341"]
[PlyCount "44"]
[EventDate "2009.04.30"]
[EventType "tourn"]
[SourceDate "2009.04.30"]

1. e4 c5 2. Nf3 Nc6 3. d4 cxd4 4. Nxd4 g6 5. Nc3 Bg7 6. Be3 Nf6 7. Bc4 O-O 8.
Bb3 d6 9. f3 Bd7 10. Qd2 Rc8 11. O-O-O Nxd4 12. Bxd4 b5 13. Bxa7 b4 14. Nd5
Nxd5 15. Bxd5 Ba4 16. b3 Bc3 17. Qe3 Bb5 18. Bb6 Qd7 19. e5 e6 20. Be4 d5 21.
Bd4 Qc7 22. Bxc3 dxe4 0-1

[Event "III Cerrado de Manises"]
[Site "Manises (Valencia)"]
[Date "2009.05.03"]
[Round "6.5"]
[White "Garcia Fernandez, Carlos"]
[Black "Palencia, Wilson"]
[Result "1/2-1/2"]
[WhiteElo "2385"]
[BlackElo "2322"]
[PlyCount "100"]
[EventDate "2009.04.30"]
[EventType "tourn"]
[SourceDate "2009.04.30"]

1. e4 Nf6 2. Nc3 e5 3. Bc4 Nc6 4. d3 Na5 5. Nge2 Nxc4 6. dxc4 d6 7. O-O Be7 8.
f3 c6 9. Be3 Be6 10. Qd3 O-O 11. Rad1 Qa5 12. b3 Rfd8 13. Qd2 Kh8 14. Qe1 d5
15. exd5 cxd5 16. cxd5 Nxd5 17. Nxd5 Rxd5 18. c4 Bb4 19. Rxd5 Bxd5 20. Qb1 Bc5
21. Bxc5 Qxc5+ 22. Kh1 Bc6 23. Rd1 e4 24. fxe4 f5 25. Qd3 Re8 26. Qd4 Qe7 27.
e5 Qg5 28. Nf4 Be4 29. Qd7 Bc6 30. Qd4 Be4 31. Qd2 h5 32. e6 Kh7 33. Qf2 h4 34.
Kg1 Qh6 35. Rd7 h3 36. gxh3 Rxe6 37. Qg3 Rd6 38. Rxd6 Qxd6 39. Nd5 Qd8 40. Qf4
Kg8 41. Qd2 Qd6 42. Kf1 Kh7 43. h4 Qe5 44. Nf4 Qa1+ 45. Kf2 Qh1 46. Ke3 Qg1+
47. Qf2 Qc1+ 48. Qd2 Qg1+ 49. Qf2 Qc1+ 50. Qd2 Qg1+ 1/2-1/2

[Event "III Cerrado de Manises"]
[Site "?"]
[Date "2009.05.09"]
[Round "7.3"]
[White "Dolezal, Cristian"]
[Black "Pena Riascos, Alexander"]
[Result "1-0"]
[WhiteElo "2406"]
[BlackElo "2228"]
[PlyCount "67"]
[EventDate "2009.04.30"]
[SourceDate "2009.04.30"]

1. e4 c5 2. Nf3 d6 3. d4 cxd4 4. Nxd4 Nf6 5. Nc3 a6 6. Be2 e5 7. Nb3 Be7 8. O-O
O-O 9. Be3 Be6 10. Qd2 b5 11. a4 b4 12. Nd5 Nxe4 13. Nxe7+ Qxe7 14. Qxb4 f5 15.
Na5 Nd7 16. f3 Nec5 17. Nc6 Qf6 18. Rad1 Bf7 19. Qa3 Rfc8 20. Nb4 Nb6 21. b3 a5
22. Na2 Nd5 23. Bd2 e4 24. c4 Qd4+ 25. Kh1 Nf6 26. Bf4 Nd3 27. Bxd3 exd3 28.
Qxd6 Qb2 29. Nc1 Rd8 30. Rd2 Qb1 31. Qa3 Nh5 32. Be5 Ra6 33. Rfd1 Re8 34. Nxd3
1-0

[Event "III Cerrado de Manises"]
[Site "?"]
[Date "2009.05.09"]
[Round "7.5"]
[White "Calvo Alfonso, Vicente"]
[Black "Aymerich Rosell, Pablo"]
[Result "1-0"]
[WhiteElo "2204"]
[BlackElo "2169"]
[PlyCount "111"]
[EventDate "2009.04.30"]
[SourceDate "2009.04.30"]

1. Nf3 g6 2. d4 Bg7 3. Bf4 Nf6 4. e3 d6 5. h3 O-O 6. Be2 Nc6 7. O-O Qe8 8. Bh2
e5 9. Re1 Ne4 10. c4 f5 11. Bf1 g5 12. d5 Ne7 13. Nfd2 Nf6 14. Na3 g4 15. Nb5
Qd8 16. b4 Ng6 17. Rc1 a6 18. Nc3 gxh3 19. gxh3 Qe8 20. c5 Nh4 21. Kh1 Qg6 22.
Bg3 Qh6 23. f4 Ng6 24. Qf3 Nh5 25. Ne2 Bf6 26. Bh2 Kh8 27. cxd6 cxd6 28. Qf2
Nh4 29. Rc7 Bd8 30. Rec1 Bxc7 31. Rxc7 Ng6 32. Nc4 e4 33. Nxd6 Kg8 34. Nd4 Ng7
35. Qb2 Nh4 36. Nc4 b5 37. Ne5 Ne8 38. Rc6 Qg7 39. a4 Bb7 40. Ne6 Qe7 41. axb5
axb5 42. Bxb5 Bxc6 43. Bxc6 Ra7 44. Nxf8 Qxf8 45. d6 Qxd6 46. Bxe8 Qd1+ 47. Bg1
Ra1 48. Qf2 Nf3 49. Nxf3 exf3 50. Bc6 Rc1 51. b5 Qb3 52. Qxf3 Qb1 53. Qd5+ Kf8
54. Qd8+ Kg7 55. Qe7+ Kg6 56. Be8+ 1-0

[Event "III Cerrado de Manises"]
[Site "?"]
[Date "2009.05.09"]
[Round "8.1"]
[White "Garcia, Jhoel"]
[Black "Aymerich Rosell, Pablo"]
[Result "1-0"]
[WhiteElo "2295"]
[BlackElo "2169"]
[PlyCount "111"]
[EventDate "2009.04.30"]
[SourceDate "2009.04.30"]

1. e4 g6 2. c4 Bg7 3. Nc3 d6 4. Nf3 Nf6 5. d4 O-O 6. Be2 Bg4 7. Be3 Nfd7 8. h3
Bxf3 9. gxf3 c5 10. d5 Na6 11. Qd2 Nc7 12. h4 e6 13. Bg5 Qe8 14. O-O-O Nb6 15.
h5 Na4 16. Bh6 Nxc3 17. bxc3 Qe7 18. Bxg7 Kxg7 19. e5 Rh8 20. Qf4 Rad8 21. exd6
Qxd6 22. h6+ Kg8 23. Qf6 Ne8 24. Qh4 Qe7 25. Bd3 e5 26. Rde1 Qxh4 27. Rxh4 g5
28. Rg4 f6 29. f4 exf4 30. Re7 Nd6 31. Rg1 Kf8 32. Rc7 Re8 33. Rd7 Nf7 34. Rxb7
Re7 35. Rb8+ Re8 36. Rb5 Ne5 37. Kc2 Nf3 38. Rgb1 Ne1+ 39. Kd2 Nf3+ 40. Kd1
Re1+ 41. Kc2 Rxb1 42. Kxb1 Ke7 43. Rxc5 Rb8+ 44. Kc1 Rb7 45. Bxh7 g4 46. Be4
Kd6 47. Rc6+ Ke7 48. h7 Rb8 49. Bxf3 gxf3 50. Rc7+ Kd6 51. Rxa7 Ke5 52. Kc2 f5
53. Rg7 Rh8 54. a4 Kf6 55. Rb7 Kg6 56. a5 1-0

[Event "III Cerrado de Manises"]
[Site "?"]
[Date "2009.05.09"]
[Round "8.2"]
[White "Pallardo Lozolla, Jose Vicente"]
[Black "Calvo Alfonso, Vicente"]
[Result "1-0"]
[WhiteElo "2342"]
[BlackElo "2204"]
[PlyCount "81"]
[EventDate "2009.04.30"]
[SourceDate "2009.04.30"]

1. e4 c6 2. d4 d5 3. e5 Bf5 4. Ne2 e6 5. Ng3 Bg6 6. h4 h6 7. h5 Bh7 8. Bd3 Bxd3
9. Qxd3 Qa5+ 10. Nd2 c5 11. O-O cxd4 12. Nb3 Qa6 13. Qxd4 Nc6 14. Qf4 Qc4 15.
c3 Qxf4 16. Bxf4 g5 17. hxg6 fxg6 18. Ne2 Kf7 19. Ned4 Nge7 20. Rac1 Bg7 21.
Nc5 Nxd4 22. cxd4 Rab8 23. Rc3 Rhc8 24. Rfc1 b6 25. Nb7 Rxb7 26. Rxc8 Nxc8 27.
Rxc8 Re7 28. Bd2 Re8 29. Rc7+ Re7 30. Rc6 Bf8 31. Bb4 Re8 32. Rc7+ Kg8 33. Bxf8
Kxf8 34. Rxa7 Rc8 35. Rb7 Rc6 36. b4 Rc4 37. Rxb6 Rxd4 38. a4 Rd1+ 39. Kh2 Ke7
40. a5 Kd7 41. a6 1-0

[Event "III Cerrado de Manises"]
[Site "?"]
[Date "2009.05.09"]
[Round "8.3"]
[White "Pena Riasco, Alexander"]
[Black "Sanchez Romero, Miguel Angel"]
[Result "0-1"]
[WhiteElo "2228"]
[BlackElo "2235"]
[PlyCount "72"]
[EventDate "2009.04.30"]
[SourceDate "2009.04.30"]

1. e4 e5 2. Nf3 Nc6 3. d4 exd4 4. Bc4 Nf6 5. e5 Ne4 6. O-O Be7 7. Re1 d5 8. Bb5
Bg4 9. h3 Bxf3 10. Qxf3 O-O 11. Bxc6 bxc6 12. Nd2 f5 13. Nb3 c5 14. Qe2 Rb8 15.
f3 Ng3 16. Qa6 Rb6 17. Qa5 Qe8 18. Bd2 Qc6 19. Bf4 Nh5 20. Qd2 Qg6 21. Re2 Nxf4
22. Qxf4 Bg5 23. Qg3 Be3+ 24. Kh2 Qxg3+ 25. Kxg3 f4+ 26. Kh2 c4 27. Nc5 d3 28.
Rxe3 fxe3 29. cxd3 Rxb2 30. dxc4 Rc2 31. Nd7 Rxc4 32. Nxf8 Kxf8 33. Re1 d4 34.
f4 c5 35. Kg3 d3 36. Kf3 d2 0-1

[Event "III Cerrado de Manises"]
[Site "?"]
[Date "2009.05.09"]
[Round "8.4"]
[White "Garcia Fernandez, Carlos"]
[Black "Dolezal, Cristian"]
[Result "1/2-1/2"]
[WhiteElo "2385"]
[BlackElo "2406"]
[PlyCount "43"]
[EventDate "2009.04.30"]
[SourceDate "2009.04.30"]

1. e4 e5 2. Nf3 Nc6 3. Bb5 a6 4. Ba4 Nf6 5. O-O b5 6. Bb3 Bc5 7. d3 O-O 8. a4
Bb7 9. axb5 axb5 10. Rxa8 Bxa8 11. Nc3 b4 12. Nd5 Nxd5 13. Bxd5 d6 14. Be3 Nd4
15. Bxa8 Nxf3+ 16. Qxf3 Bxe3 17. Qxe3 Qxa8 18. c3 bxc3 19. bxc3 Rb8 20. c4 c5
21. f4 f6 22. h3 1/2-1/2